El rayo que no cesa /
Guardado en:
| Autor principal: | |
|---|---|
| Otros autores: | |
| Formato: | Libro |
| Idioma: | Español |
| Publicado: |
Buenos Aires, Argentina :
Espasa-Calpe,
1949, c1949
|
| Colección: | (Austral ;
908) |
| Temas: | |
| Etiquetas: |
Sin etiquetas, Sé el primero en etiquetar este registro!
|
MARC
| LEADER | 00000nam^a2200000^a^4500 | ||
|---|---|---|---|
| 001 | 000309464 | ||
| 005 | 20250521000000.0 | ||
| 008 | 110414 19491949 | ||
| 009 | 20260310112947.737 | ||
| 037 | |a Acervo Xavier Clavigero | ||
| 041 | |a ESP | ||
| 082 | |a 808. |b AUS V. 908 | ||
| 100 | |a Hernández, Miguel |e (autor) | ||
| 245 | 1 | 3 | |a El rayo que no cesa / |c M. Hernández ; pról. de J.M. de Cossío y Martínez Fortún. |
| 264 | 4 | |a Buenos Aires, Argentina : |b Espasa-Calpe, |c 1949, c1949 | |
| 300 | |a 162 p. | ||
| 336 | |a texto |b txt |2 rdacontenido | ||
| 337 | |a sin mediación |b n |2 rdamedio | ||
| 338 | |a volumen |b nc |2 rdasoporte | ||
| 440 | 1 | |a (Austral ; |v 908) | |
| 545 | 0 | |a Miguel Hernández (1910-1942) poeta español con formación autodidacta. Estuvo preso durante la Guerra Civil Española y los primeros años del franquismo. Se relacionó con los miembros de la generación del 27 y fue definido de hecho por Dámaso Alonso como "el genial epílogo del Grupo". Colaboró en varias revistas. Su obra poética se compone entre otros títulos por Perito en lunas (1933), El silbo vulnerado (1934), El rayo que no cesa (1936), El hombre acecha (1938), Cancionero y romancero de ausencias (1938-1941), escrito en su mayoría en la cárcel y algunos dramas de orientación social y de ambiente rural. | |
| 649 | |a XX | ||
| 650 | |a Poesía Española | ||
| 650 | |a Literatura Española - |y Generación del 27 | ||
| 650 | |a Literatura Española - |y Siglo XX | ||
| 700 | |a Cossío y Martínez Fortún, José María de |e (prólogo) | ||
| 910 | |a Fondo General | ||
| 920 | |a Impresos - Libros | ||
| 930 | |a Colección General | ||
| 940 | |a Literatura | ||
| 905 | |a 101 | ||
| 901 | |a 061438 |b IT1 |c LIT |u 20250521 | ||
| 902 | |a https://opac.biblio.iteso.mx/vufind/Record/000309464 | ||